Crows and jays / (Registro nro. 4998)

Detalles MARC
000 -CABECERA
Campo de control 00944cam a22002774a 4500
005 - FECHA Y HORA DE LA ULTIMA TRANSACCION
Campo de control 20151009083845.0
008 - ELEMENTOS DE LONGITUD FIJA—INFORMACION GENERAL
Campo de control 001222s1999 njuab b 001 0 eng
020 ## - ISBN
ISBN 0691088837
040 ## - FUENTE DE CATALOGACIÓN
Agencia catalogadora original DLC
Agencia transcriptora DLC
Agencia Modificadora DLC
-- CO-BoIAVH
041 0# - IDIOMA
Código de idioma para texto/pista de sonido o título separado Inglés
044 ## - PAÍS DE PUBLICACIÓN
País de publicación Estados Unidos
082 04 - NUMERO DE CLASIFICACION DECIMAL DEWEY
Número de clasificación 598.864
Número del ítem M18c
100 1# - ASIENTO PRINCIPAL--NOMBRE PERSONAL
Nombre personal Madge, Steve.
9 (RLIN) 22454
245 10 - MENCION DE TITULO
Título Crows and jays /
Mención de responsabilidad Steve Madge and Hilary Burn.
260 ## - PUBLICACION, DISTRIBUCION, ETC. (PIE DE IMPRENTA)
Lugar de publicación, distribución, etc. Princeton, N.J. :
Nombre del editor, distribuidor, etc. Princeton University Press,
Fecha de publicación, distribución, etc. 1999.
300 ## - DESCRIPCION FISICA
Extensión xxiii, 192 páginas :
Otros detalles físicos ilustraciones (algunas a color), mapas a color ;
Dimensiones 24 cm.
504 ## - NOTA DE BIBLIOGRAFIA, ETC.
Nota de bibliografía Incluye referencias bibliográficas (páginas 185-186).
650 #0 - ASIENTO SECUNDARIO DE MATERIA - TERMINO TEMATICO
Término temático o nombre geográfico como elemento de entrada Cuervos
Subdivisión de forma Identificación.
9 (RLIN) 40647
650 #6 - ASIENTO SECUNDARIO DE MATERIA - TERMINO TEMATICO
Término temático o nombre geográfico como elemento de entrada Cuervos
Subdivisión general Especies
9 (RLIN) 40648
650 #6 - ASIENTO SECUNDARIO DE MATERIA - TERMINO TEMATICO
Término temático o nombre geográfico como elemento de entrada Cuervos
Subdivisión general Taxonomía
9 (RLIN) 40649
650 #0 - ASIENTO SECUNDARIO DE MATERIA - TERMINO TEMATICO
Término temático o nombre geográfico como elemento de entrada Azulejos
Subdivisión de forma Identificación.
9 (RLIN) 40650
650 #6 - ASIENTO SECUNDARIO DE MATERIA - TERMINO TEMATICO
Término temático o nombre geográfico como elemento de entrada Azulejos
Subdivisión general Especies
9 (RLIN) 40651
650 #6 - ASIENTO SECUNDARIO DE MATERIA - TERMINO TEMATICO
Término temático o nombre geográfico como elemento de entrada Azulejos
Subdivisión general Taxonomía
9 (RLIN) 40652
700 1# - ASIENTO SECUNDARIO - NOMBRE PERSONAL
Nombre personal Burn, Hilary.
9 (RLIN) 22455
942 ## - ELEMENTOS ADICIONALES (KOHA)
Sistema de clasificación Dewey Decimal Classification
Tipo de ítem Libro
Existencias
Withdrawn status Lost status Sistema de Clasificación Damaged status No para préstamo Colección Inventariado Ubicación Permanente Ubicación actual Fecha de adquisición Fuente de Valor Valor Total Checkouts Número topográfico Inventario / Código de Barras Date last seen Ejemplar Price effective from Forma de adquisición Tipo de material
    Dewey Decimal Classification     General Inventariado 2017 Bogotá Bogotá 21/12/2005 CID Humboldt 39000.00   LB-598.864 M18c 022659 04/12/2012 Ej. 1 04/12/2012 Compra Libro